LEADER 03297oam 2200697I 450 001 9910452859503321 005 20200520144314.0 010 $a0-203-55230-X 010 $a1-299-48085-3 010 $a1-135-90697-1 024 7 $a10.4324/9780203552308 035 $a(CKB)2550000001020271 035 $a(EBL)1172883 035 $a(SSID)ssj0000871762 035 $a(PQKBManifestationID)11478048 035 $a(PQKBTitleCode)TC0000871762 035 $a(PQKBWorkID)10823547 035 $a(PQKB)10991953 035 $a(MiAaPQ)EBC1172883 035 $a(Au-PeEL)EBL1172883 035 $a(CaPaEBR)ebr10690166 035 $a(CaONFJC)MIL479335 035 $a(OCoLC)843636648 035 $a(OCoLC)841908804 035 $a(EXLCZ)992550000001020271 100 $a20180706d2013 uy 0 101 0 $aeng 135 $aur|n|---||||| 181 $ctxt 182 $cc 183 $acr 200 10$aLanguage online $einvestigating digital texts and practices /$fDavid Barton, Carmen Lee 210 1$aMilton Park, Abingdon, Oxon :$cRoutledge,$d2013. 215 $a1 online resource (220 p.) 300 $aDescription based upon print version of record. 311 $a0-415-52495-4 311 $a0-415-52494-6 320 $aIncludes bibliographical references and index. 327 $aLanguage in the digital world -- Ten Reasons Why Studying the Online World is Crucial for Understanding Language -- Acting in a Textually-Mediated Social World -- Hello! Bonjour! Ciao! Hola! Guten Tag!: Deploying Linguistic Resources Online -- Taking up the Affordances of Multiple Languages -- "This is Me": Writing the Self Online -- Stance-taking through Language and Image -- "My English is so poor": Talking about Language Online -- Everyday Learning Online -- Language Online as New Vernacular Practices -- Language Online and Education -- Researching Language Online -- Flows of Language Online and Offline. 330 $aIn Language Online, David Barton and Carmen Lee investigate the impact of the online world on the study of language.The effects of language use in the digital world can be seen in every aspect of language study, and new ways of researching the field are needed. In this book the authors look at language online from a variety of perspectives, providing a solid theoretical grounding, an outline of key concepts, and practical guidance on doing research.Chapters cover topical issues including the relation between online language and multilingualism, identity, e 606 $aCommunication$xTechnological innovations 606 $aLanguage and languages$xUsage 606 $aHuman-computer interaction 606 $aTechnological innovations$xSocial aspects 606 $aSocial media 608 $aElectronic books. 615 0$aCommunication$xTechnological innovations. 615 0$aLanguage and languages$xUsage. 615 0$aHuman-computer interaction. 615 0$aTechnological innovations$xSocial aspects. 615 0$aSocial media. 676 $a418.00285 700 $aBarton$b David$f1949-,$0447403 701 $aLee$b Carman$0969797 801 0$bMiAaPQ 801 1$bMiAaPQ 801 2$bMiAaPQ 906 $aBOOK 912 $a9910452859503321 996 $aLanguage online$92203952 997 $aUNINA LEADER 01610nam 2200385 n 450 001 996390739103316 005 20221108103418.0 035 $a(CKB)4940000000100909 035 $a(EEBO)2240891220 035 $a(UnM)99835962 035 $a(EXLCZ)994940000000100909 100 $a19900820d1584 uy | 101 0 $aeng 135 $aurbn||||a|bb| 200 12$aA true, sincere and modest defence, of English Catholiques that suffer for their faith both at home and abrode$b[electronic resource] $eagainst a false, seditious and slanderous libel intituled; The exectuion of iustice in England. VVherein is declared, hovv vniustlie the Protestants doe charge Catholiques vvith treason .. 210 $a[Rouen $cFr. Parsons' press$d1584] 215 $a[8], 219, [5] p 300 $aBy William Allen. 300 $aA reply to: Cecil, William. The execution of justice in England for maintenaunce of publique and Christian peace. 300 $aImprint information from STC. 300 $aWith a final errata leaf. 300 $aThe last leaf is blank. 300 $aReproduction of the original in the Henry E. Huntington Library and Art Gallery. 330 $aeebo-0113 606 $aCatholics$zEngland$vEarly works to 1800 615 0$aCatholics 700 $aAllen$b William$f1532-1594.$01000878 801 0$bCu-RivES 801 1$bCu-RivES 801 2$bCStRLIN 801 2$bWaOLN 906 $aBOOK 912 $a996390739103316 996 $aA true, sincere and modest defence, of English Catholiques that suffer for their faith both at home and abrode$92297422 997 $aUNISA